<?xml version="1.0" encoding="UTF-8"?>
<record
    xmlns:xsi="http://www.w3.org/2001/XMLSchema-instance"
    xsi:schemaLocation="http://www.loc.gov/MARC21/slim http://www.loc.gov/standards/marcxml/schema/MARC21slim.xsd"
    xmlns="http://www.loc.gov/MARC21/slim">

  <leader>00902nam a2200325 c 4500</leader>
  <datafield tag="999" ind1=" " ind2=" ">
    <subfield code="c">6982</subfield>
    <subfield code="d">6982</subfield>
  </datafield>
  <controlfield tag="001">a6758729</controlfield>
  <controlfield tag="003">DO-SdBJH</controlfield>
  <controlfield tag="005">20220905181506.0</controlfield>
  <controlfield tag="008">201210s2020    sp     | |||| 000 0 spa  </controlfield>
  <datafield tag="015" ind1=" " ind2=" ">
    <subfield code="a">MON20</subfield>
  </datafield>
  <datafield tag="017" ind1=" " ind2=" ">
    <subfield code="a">B 18597-2020</subfield>
    <subfield code="b">Oficina Dep&#xF3;sito Legal Barcelona</subfield>
  </datafield>
  <datafield tag="020" ind1=" " ind2=" ">
    <subfield code="a">9788434433090</subfield>
  </datafield>
  <datafield tag="040" ind1=" " ind2=" ">
    <subfield code="a">DO-SdBJH</subfield>
    <subfield code="b">spa</subfield>
    <subfield code="c">DO-SdBJH</subfield>
    <subfield code="e">rda</subfield>
  </datafield>
  <datafield tag="080" ind1=" " ind2=" ">
    <subfield code="a">321.01</subfield>
  </datafield>
  <datafield tag="080" ind1=" " ind2=" ">
    <subfield code="a">316.454.56</subfield>
  </datafield>
  <datafield tag="080" ind1=" " ind2=" ">
    <subfield code="a">911.3:32</subfield>
  </datafield>
  <datafield tag="082" ind1=" " ind2=" ">
    <subfield code="a">327.101 B219 2020</subfield>
  </datafield>
  <datafield tag="100" ind1="1" ind2=" ">
    <subfield code="a">Ba&#xF1;os, Pedro</subfield>
    <subfield code="d">1960-</subfield>
  </datafield>
  <datafield tag="245" ind1="1" ind2="0">
    <subfield code="a">El dominio mental :</subfield>
    <subfield code="b">la geopol&#xED;tica de la mente</subfield>
    <subfield code="c">Pedro Ba&#xF1;os</subfield>
  </datafield>
  <datafield tag="250" ind1=" " ind2=" ">
    <subfield code="a">6&#xAA;.edici&#xF3;n </subfield>
  </datafield>
  <datafield tag="264" ind1=" " ind2="1">
    <subfield code="a">Espa&#xF1;a : </subfield>
    <subfield code="b">Ariel,</subfield>
    <subfield code="c">2021</subfield>
  </datafield>
  <datafield tag="300" ind1=" " ind2=" ">
    <subfield code="a">542 p&#xE1;ginas</subfield>
  </datafield>
  <datafield tag="504" ind1=" " ind2=" ">
    <subfield code="a">Incluye referencias bibliogr&#xE1;ficas e &#xED;ndice</subfield>
  </datafield>
  <datafield tag="650" ind1=" " ind2="7">
    <subfield code="a">Geopol&#xED;tica </subfield>
    <subfield code="2">Sears</subfield>
  </datafield>
  <datafield tag="650" ind1=" " ind2="7">
    <subfield code="a">Poder</subfield>
    <subfield code="2">Sears</subfield>
  </datafield>
  <datafield tag="650" ind1=" " ind2="7">
    <subfield code="a">Control social</subfield>
  </datafield>
  <datafield tag="650" ind1=" " ind2="7">
    <subfield code="a">Psicolog&#xED;a social</subfield>
  </datafield>
  <datafield tag="942" ind1=" " ind2=" ">
    <subfield code="2">ddc</subfield>
    <subfield code="c">BK</subfield>
    <subfield code="z">3</subfield>
  </datafield>
  <datafield tag="956" ind1=" " ind2=" ">
    <subfield code="a">2</subfield>
  </datafield>
  <datafield tag="952" ind1=" " ind2=" ">
    <subfield code="0">0</subfield>
    <subfield code="1">0</subfield>
    <subfield code="2">ddc</subfield>
    <subfield code="4">0</subfield>
    <subfield code="7">0</subfield>
    <subfield code="8">CG</subfield>
    <subfield code="a">BJHA</subfield>
    <subfield code="b">BJHA</subfield>
    <subfield code="c">GEN</subfield>
    <subfield code="d">2022-09-05</subfield>
    <subfield code="i">16-00255</subfield>
    <subfield code="l">0</subfield>
    <subfield code="o">327.101 B219 2020</subfield>
    <subfield code="p">16-00255</subfield>
    <subfield code="r">2022-09-05 00:00:00</subfield>
    <subfield code="t">e.1</subfield>
    <subfield code="w">2022-09-05</subfield>
    <subfield code="y">BK</subfield>
  </datafield>
  <datafield tag="952" ind1=" " ind2=" ">
    <subfield code="0">0</subfield>
    <subfield code="1">0</subfield>
    <subfield code="2">ddc</subfield>
    <subfield code="4">0</subfield>
    <subfield code="7">0</subfield>
    <subfield code="8">CG</subfield>
    <subfield code="a">BJHA</subfield>
    <subfield code="b">BJHA</subfield>
    <subfield code="c">GEN</subfield>
    <subfield code="d">2022-09-05</subfield>
    <subfield code="i">18-01614</subfield>
    <subfield code="l">0</subfield>
    <subfield code="o">327.101 B219 2020</subfield>
    <subfield code="p">18-01614</subfield>
    <subfield code="r">2022-09-05 00:00:00</subfield>
    <subfield code="t">e.2</subfield>
    <subfield code="w">2022-09-05</subfield>
    <subfield code="y">BK</subfield>
  </datafield>
  <datafield tag="952" ind1=" " ind2=" ">
    <subfield code="0">0</subfield>
    <subfield code="1">0</subfield>
    <subfield code="2">ddc</subfield>
    <subfield code="4">0</subfield>
    <subfield code="7">0</subfield>
    <subfield code="8">CG</subfield>
    <subfield code="a">BJHA</subfield>
    <subfield code="b">BJHA</subfield>
    <subfield code="c">GEN</subfield>
    <subfield code="d">2022-09-05</subfield>
    <subfield code="i">18-02063</subfield>
    <subfield code="l">0</subfield>
    <subfield code="o">327.101 B219 2020</subfield>
    <subfield code="p">18-02063</subfield>
    <subfield code="r">2022-09-05 00:00:00</subfield>
    <subfield code="t">e.3</subfield>
    <subfield code="w">2022-09-05</subfield>
    <subfield code="y">BK</subfield>
  </datafield>
  <datafield tag="952" ind1=" " ind2=" ">
    <subfield code="0">0</subfield>
    <subfield code="1">0</subfield>
    <subfield code="2">ddc</subfield>
    <subfield code="4">0</subfield>
    <subfield code="7">0</subfield>
    <subfield code="8">CG</subfield>
    <subfield code="a">BJHA</subfield>
    <subfield code="b">BJHA</subfield>
    <subfield code="c">GEN</subfield>
    <subfield code="d">2022-09-05</subfield>
    <subfield code="i">18-02065</subfield>
    <subfield code="l">0</subfield>
    <subfield code="o">327.101 B219 2020</subfield>
    <subfield code="p">18-02065</subfield>
    <subfield code="r">2022-09-05 00:00:00</subfield>
    <subfield code="t">e.4</subfield>
    <subfield code="w">2022-09-05</subfield>
    <subfield code="y">BK</subfield>
  </datafield>
  <datafield tag="952" ind1=" " ind2=" ">
    <subfield code="0">0</subfield>
    <subfield code="1">0</subfield>
    <subfield code="2">ddc</subfield>
    <subfield code="4">0</subfield>
    <subfield code="7">0</subfield>
    <subfield code="8">CG</subfield>
    <subfield code="a">BJHA</subfield>
    <subfield code="b">BJHA</subfield>
    <subfield code="c">GEN</subfield>
    <subfield code="d">2022-09-05</subfield>
    <subfield code="i">18-02059</subfield>
    <subfield code="l">0</subfield>
    <subfield code="o">327.101 B219 2020</subfield>
    <subfield code="p">18-02059</subfield>
    <subfield code="r">2022-09-05 00:00:00</subfield>
    <subfield code="t">e.5</subfield>
    <subfield code="w">2022-09-05</subfield>
    <subfield code="y">BK</subfield>
  </datafield>
</record>
